<?xml version="1.0" encoding="UTF-8"?>
<record
    xmlns:xsi="http://www.w3.org/2001/XMLSchema-instance"
    xsi:schemaLocation="http://www.loc.gov/MARC21/slim http://www.loc.gov/standards/marcxml/schema/MARC21slim.xsd"
    xmlns="http://www.loc.gov/MARC21/slim">

  <leader>01212nam a2200277 a 4500</leader>
  <controlfield tag="005">20240417111918.0</controlfield>
  <controlfield tag="008">180208t2013||||sp a   f |||| 001 0 spa d</controlfield>
  <datafield tag="020" ind1=" " ind2=" ">
    <subfield code="a">9788480869966</subfield>
  </datafield>
  <datafield tag="041" ind1=" " ind2=" ">
    <subfield code="a">spa</subfield>
  </datafield>
  <datafield tag="092" ind1=" " ind2=" ">
    <subfield code="c">616.12</subfield>
    <subfield code="l">8</subfield>
    <subfield code="s">BRA</subfield>
  </datafield>
  <datafield tag="245" ind1=" " ind2=" ">
    <subfield code="a">Braunwald. Tratado de Cardiolog&#xED;a. Texto de medicina cardiovascular.</subfield>
    <subfield code="b">T.2 /</subfield>
    <subfield code="c">Bonow, Robert O.</subfield>
  </datafield>
  <datafield tag="250" ind1=" " ind2=" ">
    <subfield code="a">9a ed.</subfield>
    <subfield code="b">Revisi&#xF3;n cient&#xED;fica Luis Rodriguez Padial</subfield>
  </datafield>
  <datafield tag="260" ind1=" " ind2=" ">
    <subfield code="a">Barcelona: </subfield>
    <subfield code="b">Elsevier Saunders;</subfield>
    <subfield code="c">2013.</subfield>
  </datafield>
  <datafield tag="300" ind1=" " ind2=" ">
    <subfield code="a">1061-1986 p.</subfield>
  </datafield>
  <datafield tag="500" ind1=" " ind2=" ">
    <subfield code="a">Bonow, R. O. (Dir.). et al. (2013). Braunwald. Tratado de Cardiolog&#xED;a. Texto de medicina cardiovascular. T.2 (9a ed.). Barcelona : Elsevier Saunders. </subfield>
  </datafield>
  <datafield tag="590" ind1=" " ind2=" ">
    <subfield code="a">Donaci&#xF3;n Dr. Fontenla, Miguel. Noviembre 2017.</subfield>
  </datafield>
  <datafield tag="653" ind1=" " ind2=" ">
    <subfield code="a">Enfermedades cardiovasculares ateroescleroticas</subfield>
  </datafield>
  <datafield tag="653" ind1=" " ind2=" ">
    <subfield code="a">Enfermedades del coraz&#xF3;n, el pericardio y el lecho vascular pulmonar</subfield>
  </datafield>
  <datafield tag="653" ind1=" " ind2=" ">
    <subfield code="a">Enfermedades cardiovasculares en poblaciones especiales</subfield>
  </datafield>
  <datafield tag="653" ind1=" " ind2=" ">
    <subfield code="a">Enfermedades cardiovasculares y trastornos de otros &#xF3;rganos</subfield>
  </datafield>
  <datafield tag="700" ind1="1" ind2=" ">
    <subfield code="a">Bonow, Robert O. </subfield>
    <subfield code="e">Dir.</subfield>
    <subfield code="9">3405</subfield>
  </datafield>
  <datafield tag="700" ind1="1" ind2=" ">
    <subfield code="a">Mann, Douglas L.</subfield>
    <subfield code="e">Dir.</subfield>
    <subfield code="9">3406</subfield>
  </datafield>
  <datafield tag="700" ind1="1" ind2=" ">
    <subfield code="a">Zipes, Douglas P.</subfield>
    <subfield code="e">Dir.</subfield>
    <subfield code="9">3407</subfield>
  </datafield>
  <datafield tag="700" ind1="1" ind2=" ">
    <subfield code="a">Libby, Peter</subfield>
    <subfield code="e">Dir.</subfield>
    <subfield code="9">3408</subfield>
  </datafield>
  <datafield tag="942" ind1=" " ind2=" ">
    <subfield code="2">ddc</subfield>
    <subfield code="c">BK</subfield>
  </datafield>
  <datafield tag="999" ind1=" " ind2=" ">
    <subfield code="c">2653</subfield>
    <subfield code="d">2653</subfield>
  </datafield>
  <datafield tag="952" ind1=" " ind2=" ">
    <subfield code="0">0</subfield>
    <subfield code="1">0</subfield>
    <subfield code="2">ddc</subfield>
    <subfield code="4">0</subfield>
    <subfield code="7">0</subfield>
    <subfield code="a">BFM</subfield>
    <subfield code="b">BFM</subfield>
    <subfield code="c">CR</subfield>
    <subfield code="d">2018-02-08</subfield>
    <subfield code="e">Donaci&#xF3;n Dr. Fontela, Miguel. Noviembre 2017</subfield>
    <subfield code="l">8</subfield>
    <subfield code="m">5</subfield>
    <subfield code="o">616.12 8 BRA</subfield>
    <subfield code="p">4062</subfield>
    <subfield code="r">2025-04-07</subfield>
    <subfield code="s">2025-03-31</subfield>
    <subfield code="t">Ej. 1</subfield>
    <subfield code="w">2018-02-08</subfield>
    <subfield code="y">BK</subfield>
    <subfield code="z">Donaci&#xF3;n Dr. Fontela, Miguel. Noviembre 2017</subfield>
  </datafield>
</record>
